Dinámicas del reformismo en materia del sistema electoral /

Guardado en:
Bibliografiske detaljer
Hovedforfatter: Hernández Naranjo, Gerardo
Format: Texto
Tags: Tilføj Tag
Ingen Tags, Vær først til at tagge denne postø!

MARC

LEADER 00000 a a2200000 04500
001 8906
003
040
100 |a Hernández Naranjo, Gerardo  
245 |a Dinámicas del reformismo en materia del sistema electoral /  |c Gerardo Hernández Naranjo 
500 |a Presenta parte de la investigación para la tesis doctoral: Dinámicas del Sistema de Partidos y del Cambio Institucional en el Régimen Electoral de Costa Rica, 1952-2002  
773 |g volumen 5, número 1; página 34  
999 |c 33460  |d 33460